LEADER 00785nam a2200205 i 4500 001 000000222712 003 CaOOAMICUS 005 20130924000000.0 008 130924s2008 it u000 u ita u 013 $a201609 040 $aSeMil$bita 245 10$aAndava di villaggio in villaggio /$c[lettera pastorale del vescovo Pier Giacomo Grampa]. 260 $aLugano :$b[s.n.],$c2008. 300 $a109 p. :$bill. ;$c23 cm. 650 4$aLugano (Diocesi).$0(OLS)http://semarc/subject/32806 850 $aSeMil 852 $aSeMil$W1$xVenegono$y1$m5D XI 14/3$j173058$B173058$CSeMilBibl$Z2$F183357 $81 961 $aOmaggio: Altro 996 $6245$aAndava di villaggio in villaggio$9(OLS)http://semarc/title/319303 996 $6260$aLugano :$b[s.n.]$9(OLS)http://semarc/publisher/30550 LEADER 00667naa a2200145 i 4500 001 000000293756 003 CaOOAMICUS 005 20180831172452.0 008 180831n xx u000 u und u 013 $a997 040 $aSeMil$bita 100 1 $aFabris, Rinaldo,$c.$0(OLS)http://semarc/name/340 245 12$aI miracoli di Gesł, i suoi riti di guarigione e la predicazione del Regno di Dio. 773 0 $aDal Pino, Franco Andrea$tLiturgia e terapia.$dPadova : Messaggero, 1994.$kCaro Salutis Cardo. Contributi$z88-250-0413-3$w()42329 996 $6245$aI miracoli di Gesł, i suoi riti di guarigione e la predicazione del Regno di Dio$9(OLS)http://semarc/title/369845